[Event "CP-2011-P-00053"]
[Site "LSS email"]
[Date "2011.09.30"]
[Round "?"]
[White "Basson, Heinrich"]
[Black "Zuppa, Thomas C"]
[Result "1-0"]
[WhiteElo "1473"]
[BlackElo "1832"]
[PlyCount "97"]
[EventDate "2011.10.01"]
[EventType "tourn (corr)"]
[EventRounds "6"]
[EventCountry "GER"]
[SourceTitle "Telechess CBM 153"]
[Source "ChessBase"]
[SourceDate "2013.03.14"]
[SourceVersion "1"]
[SourceVersionDate "2013.03.14"]
[SourceQuality "1"]

1. d4 d5 2. c4 Nc6 3. Nc3 dxc4 4. e3 e5 5. Bxc4 exd4 6. exd4 Qxd4 7. Qe2+ Qe5 8. Be3 Bd6 9. Nf3 Qh5 10. Nb5 Nge7 11. Nxd6+ cxd6 12. 0-0 Bg4 13. Rfe1 0-0 14. h3 Bxf3 15. Qxf3 Qxf3 16. gxf3 d5 17. Bb3 Rfd8 18. Rad1 Rd7 19. Bc5 d4 20. Bc2 Rc8 21. b4 a6 22. Bd3 g6 23. a3 Nd5 24. b5 Na5 25. Bb4 Nc4 26. bxa6 bxa6 27. Rc1 Rdc7 28. Re4 Nxb4 29. axb4 Nd2 30. Rxc7 Rxc7 31. Re8+ Kg7 32. Bxa6 Nxf3+ 33. Kg2 Rc3 34. b5 Rb3 35. Rd8 Kf6 36. b6 Nh4+ 37. Kf1 Rb1+ 38. Ke2 Rb2+ 39. Kf1 Rxb6 40. Rxd4 Rb1+ 41. Ke2 Rb2+ 42. Kf1 Nf5 43. Rd7 Ke6 44. Bc8 Rb8 45. Rc7+ Kd6 46. Rc4 Ne7 47. Ba6 Nd5 48. Rh4 h5 49. Bc4 1-0

[Event "CP-2011-P-00053"]
[Site "LSS email"]
[Date "2011.09.30"]
[Round "?"]
[White "Wimmer, Jaroslav"]
[Black "Zuppa, Thomas C"]
[Result "1-0"]
[WhiteElo "2029"]
[BlackElo "1832"]
[PlyCount "53"]
[EventDate "2011.10.01"]
[EventType "tourn (corr)"]
[EventRounds "6"]
[EventCountry "GER"]
[SourceTitle "Telechess CBM 153"]
[Source "ChessBase"]
[SourceDate "2013.03.14"]
[SourceVersion "1"]
[SourceVersionDate "2013.03.14"]
[SourceQuality "1"]

1. d4 d5 2. Nf3 Nc6 3. c4 Bg4 4. cxd5 Bxf3 5. gxf3 Qxd5 6. e3 e5 7. Nc3 Bb4 8. Bd2 Bxc3 9. bxc3 Nge7 10. c4 Qd7 11. d5 Nd8 12. Bb4 a5 13. Ba3 0-0 14. h4 b6 15. Qc2 f5 16. h5 Rf6 17. Bb2 Qd6 18. 0-0-0 a4 19. f4 exf4 20. e4 fxe4 21. Qxe4 Nf7 22. Re1 a3 23. Bc3 Re8 24. Rg1 f3 25. Re3 Nh6 26. Bh3 Kh8 27. Qe6 1-0

[Event "RB-2011-0-00125"]
[Site "LSS email"]
[Date "2011.08.01"]
[Round "?"]
[White "Jara, Julio Cesar"]
[Black "Zuppa, Thomas C"]
[Result "1-0"]
[WhiteElo "2037"]
[BlackElo "1860"]
[PlyCount "65"]
[EventDate "2011.07.09"]
[EventType "tourn (corr)"]
[EventRounds "6"]
[EventCountry "GER"]
[SourceTitle "Telechess CBM 151"]
[Source "ChessBase"]
[SourceDate "2012.11.13"]
[SourceVersion "1"]
[SourceVersionDate "2012.11.13"]
[SourceQuality "1"]

1. d4 e6 2. c4 b6 3. a3 f5 4. Nc3 Bb7 5. Nf3 Nf6 6. g3 Ne4 7. Nxe4 Bxe4 8. Bh3 Bxf3 9. exf3 g6 10. 0-0 Bg7 11. f4 0-0 12. Bg2 c6 13. Be3 d5 14. Rc1 a5 15. Qa4 Ra7 16. Rfd1 Re8 17. Bf3 Kh8 18. h4 Rb7 19. Qc2 Qe7 20. Qa4 Qd8 21. Be2 Bf6 22. b4 axb4 23. axb4 dxc4 24. b5 Qd7 25. bxc6 Nxc6 26. Bxc4 Na7 27. Qa6 Qg7 28. d5 b5 29. Bb3 exd5 30. Rxd5 Rbe7 31. Bxa7 Rxa7 32. Rc8 Rae7 33. Rd6 1-0

[Event "RB-2011-0-00125"]
[Site "LSS email"]
[Date "2011.08.01"]
[Round "?"]
[White "Zuppa, Thomas C"]
[Black "Bokros, Janos"]
[Result "0-1"]
[WhiteElo "1860"]
[BlackElo "1808"]
[PlyCount "58"]
[EventDate "2011.07.09"]
[EventType "tourn (corr)"]
[EventRounds "6"]
[EventCountry "GER"]
[SourceTitle "Telechess CBM 151"]
[Source "ChessBase"]
[SourceDate "2012.11.13"]
[SourceVersion "1"]
[SourceVersionDate "2012.11.13"]
[SourceQuality "1"]

1. d4 d5 2. e4 dxe4 3. Nc3 Nf6 4. f3 exf3 5. Nxf3 e6 6. Bg5 Be7 7. Bd3 Nc6 8. 0-0 Nxd4 9. Kh1 Nc6 10. Qe1 h6 11. Be3 0-0 12. Rd1 Bd7 13. Ne4 Ng4 14. Bg1 Qe8 15. Nc5 Bc8 16. Qg3 e5 17. Nh4 Nd4 18. Nxb7 Rb8 19. Na5 Rxb2 20. Nc4 Rxa2 21. h3 e4 22. Bxd4 Bxh4 23. Qxh4 exd3 24. hxg4 dxc2 25. Rc1 Qd8 26. g5 hxg5 27. Qe4 Re8 28. Qf3 Be6 29. Bxg7 Bxc4 0-1

[Event "RB-2011-0-00125"]
[Site "LSS email"]
[Date "2011.08.01"]
[Round "?"]
[White "Zuppa, Thomas C"]
[Black "Janosi, Ervin"]
[Result "0-1"]
[WhiteElo "1860"]
[BlackElo "2025"]
[PlyCount "80"]
[EventDate "2011.07.09"]
[EventType "tourn (corr)"]
[EventRounds "6"]
[EventCountry "GER"]
[SourceTitle "Telechess CBM 151"]
[Source "ChessBase"]
[SourceDate "2012.11.13"]
[SourceVersion "1"]
[SourceVersionDate "2012.11.13"]
[SourceQuality "1"]

1. d4 Nf6 2. Bg5 Ne4 3. Bf4 c5 4. f3 Qa5+ 5. c3 Nf6 6. d5 Qb6 7. Bc1 e6 8. e4 d6 9. Na3 exd5 10. exd5 Be7 11. Nc4 Qc7 12. Ne3 0-0 13. Ne2 Re8 14. Ng3 Bf8 15. Be2 Nbd7 16. 0-0 g6 17. f4 Bg7 18. f5 a6 19. c4 b5 20. cxb5 c4 21. fxg6 hxg6 22. Nxc4 axb5 23. Ne3 Qa7 24. Qb3 Bh6 25. Rf3 Ng4 26. Ngf1 Nde5 27. Rh3 Bd7 28. Bxg4 Nxg4 29. Bd2 f5 30. Rxh6 Nxh6 31. Qb4 Nf7 32. Qh4 g5 33. Qh5 Rac8 34. Qg6+ Kf8 35. Kh1 f4 36. Nf5 Bxf5 37. Qxf5 Qf2 38. a3 Rc4 39. Bc3 Re2 40. Qg4 Rce4 0-1

[Event "SB-2011-0-00135"]
[Site "LSS email"]
[Date "2011.02.27"]
[Round "?"]
[White "Zuppa, Thomas C"]
[Black "Kolanek, Roman"]
[Result "0-1"]
[WhiteElo "1860"]
[BlackElo "2020"]
[PlyCount "60"]
[EventDate "2011.02.04"]
[EventType "tourn (corr)"]
[EventRounds "6"]
[EventCountry "GER"]
[SourceTitle "Telechess CBM 149"]
[Source "ChessBase"]
[SourceDate "2012.07.17"]
[SourceVersion "1"]
[SourceVersionDate "2012.07.17"]
[SourceQuality "1"]

1. d4 d5 2. e4 dxe4 3. Nc3 f5 4. Bf4 Nf6 5. f3 e6 6. fxe4 fxe4 7. Bc4 Nc6 8. Nge2 Na5 9. Bb5+ c6 10. Ba4 Be7 11. 0-0 0-0 12. Bg5 b5 13. Bb3 c5 14. Bxf6 gxf6 15. Nxb5 cxd4 16. Nbxd4 Nxb3 17. Nxb3 Qb6+ 18. Kh1 Ba6 19. Qe1 f5 20. Rg1 Rad8 21. Nc3 Rf7 22. Rd1 Rxd1 23. Qxd1 Rg7 24. Qd7 Bf8 25. Qe8 Rg6 26. Qd7 Qf2 27. Nb5 Qg3 28. N3d4 f4 29. Nf5 Bxb5 30. Qxb5 Qg4 0-1

[Event "IECG QA.2006.0.00074"]
[Site "IECG email"]
[Date "2006.03.11"]
[Round "?"]
[White "Bernal Varela, Nelson"]
[Black "Zuppa, Thomas C"]
[Result "1-0"]
[WhiteElo "2141"]
[BlackElo "2068"]
[PlyCount "43"]
[EventDate "2006.03.11"]
[EventType "tourn (corr)"]
[EventRounds "6"]
[SourceTitle "Corr 2008"]
[Source "ChessBase"]
[SourceDate "2008.06.24"]
[SourceVersion "1"]
[SourceVersionDate "2008.06.24"]
[SourceQuality "1"]

1. e4 e5 2. Nf3 d5 3. exd5 Bd6 4. d4 e4 5. Ne5 Nf6 6. Bb5+ c6 7. dxc6 bxc6 8. Be2 Be6 9. f4 0-0 10. c4 Qc7 11. 0-0 Rd8 12. Qc2 Bb4 13. Be3 Qc8 14. a3 Be7 15. Nc3 Bf5 16. b4 a6 17. h3 h5 18. Bd1 a5 19. b5 cxb5 20. Nxb5 Bd7 21. Nc3 Bf5 22. Qf2 1-0

[Event "IECG QA.2006.0.00074"]
[Site "IECG email"]
[Date "2006.03.11"]
[Round "?"]
[White "Shishkin, Victor A"]
[Black "Zuppa, Thomas C"]
[Result "1/2-1/2"]
[WhiteElo "2125"]
[BlackElo "2068"]
[PlyCount "56"]
[EventDate "2006.03.11"]
[EventType "tourn (corr)"]
[EventRounds "6"]
[SourceTitle "Corr 2008"]
[Source "ChessBase"]
[SourceDate "2008.06.24"]
[SourceVersion "1"]
[SourceVersionDate "2008.06.24"]
[SourceQuality "1"]

1. d4 e6 2. c4 b6 3. Nc3 Bb7 4. e4 Bb4 5. e5 Ne7 6. Qg4 Nf5 7. Bg5 h5 8. Qxf5 exf5 9. Bxd8 Bxc3+ 10. bxc3 Kxd8 11. f4 d6 12. Kf2 dxe5 13. fxe5 Be4 14. Nh3 Nd7 15. Ng5 Ke7 16. Re1 f6 17. Nxe4 fxe4 18. e6 Kxe6 19. Rxe4+ Kf7 20. Bd3 f5 21. Re3 g6 22. Rhe1 Rae8 23. Rxe8 Rxe8 24. Rxe8 Kxe8 25. h4 Ke7 26. Bc2 Kd6 27. Ba4 c6 28. Ke3 Nf8 1/2-1/2

[Event "IECG QA.2006.0.00074"]
[Site "IECG email"]
[Date "2006.03.11"]
[Round "?"]
[White "Vorobiev, Alexandr Vladimirov"]
[Black "Zuppa, Thomas C"]
[Result "1/2-1/2"]
[WhiteElo "2083"]
[BlackElo "2068"]
[PlyCount "77"]
[EventDate "2006.03.11"]
[EventType "tourn (corr)"]
[EventRounds "6"]
[SourceTitle "Corr 2008"]
[Source "ChessBase"]
[SourceDate "2008.06.24"]
[SourceVersion "1"]
[SourceVersionDate "2008.06.24"]
[SourceQuality "1"]

1. e4 e5 2. f4 Nc6 3. Nf3 f5 4. exf5 exf4 5. d4 d5 6. Bxf4 Bxf5 7. Bb5 Bd6 8. Ne5 Nge7 9. Qh5+ g6 10. Qh6 a6 11. Qg7 Rf8 12. Bh6 Ng8 13. Bxc6+ bxc6 14. Bf4 Qe7 15. Qxe7+ Nxe7 16. Nc3 Bxc2 17. Bh6 Rf5 18. g4 Bxe5 19. gxf5 Bxd4 20. fxg6 Rb8 21. g7 Kf7 22. Rf1+ Kg6 23. Rc1 Rxb2 24. Ne2 Bf6 25. Be3 Bh4+ 26. Bf2 Bg5 27. Rg1 Kh6 28. Rxg5 Kxg5 29. Nd4 Ba4 30. Bh4+ Kg6 31. Bxe7 Kxg7 32. h4 Rxa2 33. Nxc6 Rh2 34. Rc5 Kf7 35. Bd8 Ke8 36. Bf6 Kf7 37. Bg5 h6 38. Bd8 Ke8 39. Bxc7 1/2-1/2

[Event "Framingham CC-ch"]
[Site "Framingham"]
[Date "1987.04.21"]
[Round "2"]
[White "Zuppa, Thomas C"]
[Black "Steinberg, Mark"]
[Result "1-0"]
[WhiteElo "1922"]
[BlackElo "1620"]
[PlyCount "68"]
[EventDate "1987.04.14"]
[EventType "swiss"]
[EventRounds "6"]
[EventCountry "USA"]
[SourceTitle "EXT 2023"]
[Source "ChessBase"]
[SourceDate "2022.10.05"]
[SourceVersion "1"]
[SourceVersionDate "2022.10.05"]
[SourceQuality "1"]

1. d4 d5 2. Nf3 Nc6 3. e3 Bd7 4. c3 e6 5. Bd3 Bd6 6. 0-0 Nge7 7. Nbd2 e5 8. dxe5 Nxe5 9. Nxe5 Bxe5 10. e4 c6 11. f4 dxe4 12. Nxe4 Qb6+ 13. Kh1 Bc7 14. Qe2 c5 15. Be3 Bd6 16. Rad1 Nf5 17. Nf6+ Kd8 18. Nxd7 Kxd7 19. Bxf5+ Kc7 20. b4 Rae8 21. Qf2 Rxe3 22. Qxe3 g6 23. Bg4 f5 24. bxc5 Qxc5 25. Qxc5+ Bxc5 26. Bf3 Bd6 27. Rfe1 Rd8 28. Re6 b6 29. Rdxd6 Rxd6 30. Rxd6 Kxd6 31. Kg1 Kc5 32. Be2 b5 33. Kf2 a5 34. Ke3 Kd5 1-0